Normal view
MARC view
- Pratchett, Terry
Entry Personal Name
001 - CONTROL NUMBER
- control field: 87296
003 - CONTROL NUMBER IDENTIFIER
- control field: NUST
005 - DATE AND TIME OF LATEST TRANSACTION
- control field: 20220105161426.0
008 - FIXED-LENGTH DATA ELEMENTS
- fixed length control field: 220105|| aca||aabn | a|a d
040 ## - CATALOGING SOURCE
- Original cataloging agency: NUST
- Transcribing agency: NUST
100 ## - HEADING--PERSONAL NAME
- Personal name: Pratchett, Terry
670 ## - SOURCE DATA FOUND
- Source citation: Work cat.: (NUST)0: Pratchett, Terry., The last continent :, [1999]
